Bollywood Cinematography 2011/ (Record no. 190620)

MARC details
000 -LEADER
fixed length control field 00652nam a22001937a 4500
005 - DATE AND TIME OF LATEST TRANSACTION
control field 20220801144533.0
010 ## - LCCN (DPL NO)
LC control number ENG-133892
020 ## - INTERNATIONAL STANDARD BOOK NUMBER
International Standard Book Number 9788182204836
Terms of availability 950.00
035 ## - SYSTEM CONTROL NUMBER
System control number EN-117424
037 ## - SOURCE OF ACQUISITION
Source of stock number/acquisition DBAD/PUB
082 ## - DEWEY DECIMAL CLASSIFICATION NUMBER
Classification number 791.43
100 ## - MAIN ENTRY--PERSONAL NAME
Personal name Thakur, A.P.
245 ## - TITLE STATEMENT
Title Bollywood Cinematography 2011/
Statement of responsibility, etc A.P. Thakur & Sunil Pandey
260 ## - PUBLICATION, DISTRIBUTION, ETC. (IMPRINT)
Place of publication, distribution, etc New Delhi
Name of publisher, distributor, etc Global Vision Publishing House
Date of publication, distribution, etc 2011
270 ## - ADDRESS
Address F-4, 1st Floor, 'Hari Sadan' 20, Ansari Road, Daryaganj
City New Delhi
Postal code 110002
Telephone number 9810644769
Electronic mail address info@globalvisionpub.com
300 ## - PHYSICAL DESCRIPTION
Extent 382 p.
Dimensions 24 cm(hbk)
Other physical details Index
700 ## - ADDED ENTRY--PERSONAL NAME
Personal name Pandey, Sunil
942 ## - ADDED ENTRY ELEMENTS (KOHA)
Source of classification or shelving scheme Dewey Decimal Classification
Item type English Books
Classification part 791.43
Call number suffix THA
Holdings
Withdrawn status Lost status Not for loan Collection code Home library Current library Date acquired Source of acquisition Cost, normal purchase price Full call number Barcode Copy number Cost, replacement price Koha item type
      Non-fiction Ashok Vihar Ashok Vihar 01/08/2022 DBAD/PUB 950.00 791.43 THA EN-117424 1 950.00 English Books

© Delhi Public Library
Hit Counter
free hit counter